000 00648nam a2200229Ia 4500
003 OSt
005 20220928144325.0
006 a|||||r|||| 00| 0
007 ta
008 220927b |||||||| |||| 00| 0 eng d
024 _a65041
037 _cTextual
040 _aSDCL
_cSDCL
_beng
041 _2eng
_aeng
082 _aO-,3N:g(A), P3
100 _aBaccolini Raffaella
_9507605
245 0 _aDark horizons
_b Science fiction and the dystopian imagination.
260 _c2003
700 _a Moylan Tom Ed.
_9507606
942 _hO-,3N:g(A), P3
_cTEXL
_2CC
999 _c827028
_d827028